| 000 | 007410000a22002290004500 | ||
|---|---|---|---|
| 003 | LK-CoMWRAF | ||
| 005 | 20231030101237.0 | ||
| 008 | 230817t2001 ||||| |||| 00| 0 eng d | ||
| 020 | _a0700611428 | ||
| 040 |
_aLK-CoMWRAF _dLK-CoMWRAF _eLK-CoMWRAF |
||
| 041 | _aeng | ||
| 082 |
_a342.73 _bHUL |
||
| 100 | _aHull, N. E. H. | ||
| 245 |
_aRoe v. Wade: _bThe Abortion Rights Controversy in American History |
||
| 260 |
_aLawrence: _bUniversity Press of Kansas, _c2001 |
||
| 300 |
_axi, 315 p. ; 22 cm. _bIndex included |
||
| 490 | _a Landmark law cases and American society | ||
| 650 | _aTRIALS(ABORTION)-Washington | ||
| 650 | _aAbortion--Law and legislation--United States--History. | ||
| 700 | _aHoffer, Peter Charles | ||
| 942 | _cBK | ||
| 999 |
_c3127 _d3127 |
||